000 00359nam a2200133Ia 4500
008 210430s9999 xx 000 0 und d
020 _a81-89741-57-8
082 _a665.53 R 232 P
100 _aRakesh Rathi
_954315
245 _aPetroleum Refining Processes /
_cRakesh Rathi
260 _aIndia
_bSBS Publishers
_c2007
300 _a454 p
942 _cBK
_2ddc
999 _c564870
_d564870